Prieskum metód indexácie a tvorby riadených slovníkov a tezaurov (štúdia k výskumnej úlohe P 18-521-079-00-04)

Salvato in:
Dettagli Bibliografici
Autore principale: Mártonová, Renáta
Altri autori: Chlebíková, Marta
Natura: Libro
Lingua:slovacco
Pubblicazione: Bratislava Ústredná ekonomická knižnica 1974
Edizione:1. vyd.
Tags: Aggiungi Tag
Nessun Tag, puoi essere il primo ad aggiungerne!!

MARC

LEADER 00000nam a2200000 4500
001 0197861
005 20240109105352.3
041 0 |a slo 
044 |a SK 
245 1 0 |a Prieskum metód indexácie a tvorby riadených slovníkov a tezaurov  |b (štúdia k výskumnej úlohe P 18-521-079-00-04)  |c Renáta Mártonová, Marta Chlebíková 
250 |a 1. vyd. 
264 1 |a Bratislava  |b Ústredná ekonomická knižnica  |c 1974 
300 |a 90 s. 
100 1 |a Mártonová, Renáta 
700 1 |a Chlebíková, Marta